|
|
|
|
| LEADER |
01142nam a2200253 a 4500 |
| 001 |
270850434 |
| 008 |
081110s2008 cc a 000 0 chi d |
| 020 |
|
|
|a 9787802285804
|
| 020 |
|
|
|a 7802285801
|
| 040 |
|
|
|a SINLB
|c SINLB
|d SINLB
|d ZCU
|d BD-DhAAL
|
| 082 |
0 |
0 |
|a 495.1/11
|2 22
|
| 245 |
0 |
0 |
|6 880-01
|a Quan jie Han zi.
|n Di 1 ji :
|b xiang shi 1500 ge chang yong Han zi de yin, xing, yi, yong /
|c Ding Yicheng ... [et al.] zhu bian
|
| 246 |
3 |
|
|a 6880-03
|a Xiang shi yi qian wu ba ge chang yong Han zi de yin, xing, yi, yong
|
| 246 |
3 |
0 |
|6 880-02
|a Xiang shi 1500 ge chang yong Han zi de yin, xing, yi, yong
|
| 260 |
|
|
|6 880-04
|a Beijing :
|b Xin shi jie chu ban she,
|c 2008
|
| 300 |
|
|
|a 2 v. :
|b ill. ;
|c 24 cm
|
| 541 |
1 |
|
|e 00022569
|
| 650 |
|
0 |
|a Chinese characters
|
| 650 |
|
0 |
|a Chinese language
|x Etymology
|
| 700 |
1 |
|
|a 6880-05
|a Ding, Yicheng
|
| 793 |
0 |
|
|a Confucius Institute Collections sponsored by Hanban
|
| 852 |
1 |
|
|a Ayesha Abed Library
|c General Shelf.
|
| 999 |
|
|
|c 10839
|d 10839
|
| 952 |
|
|
|0 0
|1 0
|2 ddc
|4 0
|6 CHL_495_111000000000000_QUA
|7 0
|9 16449
|a BRACUL
|b BRACUL
|c GEN
|d 2011-05-15
|l 0
|o CHL 495.111 QUA
|p 3010022569
|r 2011-05-15
|t 1
|w 2011-05-15
|y BK
|